000 00431nam a2200157Ia 4500
008 240126s9999 xx 000 0 und d
022 _a0976-9099
041 _aEnglish
082 _aLIBRARY-VII
245 0 _aICTACT Journal on Image and Video Processing (2016 -
260 _bICTACT
_aChennai
440 _aNULL
650 _aComputer Applications
650 _aICTACT,Processing,(2016,-,Computer Applications
942 _cJN
999 _c279147
_d279147